| 000 | 01824nam0a2200373 4500 | ||
|---|---|---|---|
| 001 | RU\NLR\bibl\1746520 | ||
| 005 | 20250616114832.0 | ||
| 010 |
_a978-5-7237-0868-6 _9150 |
||
| 021 |
_aRU _b2011-9511 _9677 |
||
| 035 | _a(nilc)RSL-KNO-004892140 | ||
| 035 | _a(NLR Aleph) 001737414 | ||
| 090 |
_a1437857 _c1437857 |
||
| 100 | _a20110221d2011 |||y0rusy50 ca | ||
| 101 | 0 | _arus | |
| 102 | _aRU | ||
| 105 | _aa ||||||||| | ||
| 200 | 1 |
_aПрямой синтез органохлорсиланов _eучебное пособие для студентов специальности "Химическая технология высокомолекулярных соединений" _fБ. М. Прудсков, Ю. В. Биличенко _gМ-во образования и науки Российской Федерации, Российский химико-технологический ун-т им. Д. И. Менделеева |
|
| 210 |
_aМосква _cРоссийский химико-технологический ун-т _d2011 |
||
| 215 |
_a83 с. _cил., табл. _d21 |
||
| 313 | _aпромышленный синтез | ||
| 320 | _aБиблиогр.: с. 83 (3 назв.) | ||
| 606 | 1 |
_aОрганохлорсиланы _jУчебные издания для высших учебных заведений _xСинтез _91786059 _3RU\NLR\auth\66803302 |
|
| 686 |
_aЛ617.422я73-1 _2rubbk |
||
| 686 | _aЛ617.422я73-1 | ||
| 700 | 1 |
_aПрудсков _bБ. М. _gБорис Михайлович _4070 |
|
| 701 | 1 |
_aБиличенко _bЮ. В. _gЮлия Викторовна _4070 |
|
| 801 | 0 |
_aRU _bRuMoRKP _c20110221 _grcr |
|
| 801 | 1 |
_aRU _bRuMoRGB _c20110221 |
|
| 801 | 2 |
_aRU _bNLR _c20110315 _grcr |
|
| 830 | _aавт. по кн. | ||
| 942 | _cBOOK | ||
| 980 | _aNB | ||
| 980 | _aNBR | ||